000 01045nam a2200301 a 4500
001 000030446
003 DO-SdBNP
005 20171019112821.0
007 000030446
008 110517s2011 dr ac 000 0 spa d
020 _a9789945429299
040 _aBPMSU
_bspa
_cBPMSU
082 4 _2Inventariado infantil / 2017 VM
_aRD863.44
_bS237s
100 1 _aSantos, Dulce Elvira de los
245 1 3 _aEl secreto del gusanito /
_cDulce Elvira de los Santos ; ilustraciones Afredo Costará.
260 _aSanto Domingo :
_bAfaguara Infantil,
_c2011.
300 _a33 p. :
_bil., retrs. ;
_c20 cm.
490 _aAfaguara infantil
500 _aLa biblioteca posee la primera reimpresión de la primera edición 2013
650 4 _aCUENTOS INFANTILES DOMINICANOS
650 4 _aLITERATURA INFANTIL DOMINICANA
700 1 2 _aCostará, Afredo
_eil.
830 _pAlfaguara infantil
910 _aValidado. Control de calidad MFF
942 _2ddc
_cBK
945 _aInventariado infantil / 2017 VM
956 _aVMATEO
_b10
_c20150429
_lBPMSU
_h00151
999 _c7759
_d7759